000 00625nam a2200217Ia 4500
001 4017
003 AR-BaAGN
005 20231117105311.0
007 ta
008 211213s1897 xx |||||||||||||| ||spa d
040 _dAR-BaAGN
_aAR-BaAGN
_bspa
_eaacr
100 1 _aHernández, José,
_d1834-1886
_95766
245 1 0 _aLa vuelta de Martín Fierro /
_cJosé Hernández
250 _a10ª ed.
260 _a[Lugar de publicación no identificado] :
_b[editor no identificado],
_c1897.
300 _a60 páginas :
_bilustraciones
336 _2rdacontent
_btxt
337 _2rdamedia
_bn
338 _2rdacarrier
_bnc
942 _cLIBRO
999 _c4017
_d4017